| 000 | 02250cam a22005177i 4500 | ||
|---|---|---|---|
| 001 | 2605 | ||
| 005 | 20250826141135.0 | ||
| 020 | _a9780545105934 | ||
| 040 |
_aNLC _beng _erda _cNLC _dMUS _dBAKER _dBTCTA _dYDXCP _dXY4 _dJBO _dZE3 _dWAU _dOCLCF _dNZAYP _dSFR _dCHILD _dNLC _dNMC _dMBE _dJDP _dOCLCO _dOCL _dTXGRL _dCSO _dOCLCO _dOCLCQ _dOCLCO _dIUL _dOCLCO _dDLC |
||
| 050 | 0 | 0 | _aQR181.8 |
| 082 | 0 | 4 | _a616.01 |
| 100 | 1 | _aRomanek, Trudee | |
| 245 | 1 | 0 |
_aAchoo! : _bthe most interesting book you'll ever read about germs / _cwritten by Trudee Romanek ; illustrated by Rose Cowles |
| 260 |
_aNew York : _bScholastic, _c2003 |
||
| 300 |
_a40 pages : _bcolor illustrations ; _c25 cm . |
||
| 490 | 1 | _aMysterious you | |
| 500 | _aIncludes index. | ||
| 505 | 0 | _aZ | |
| 520 |
_aIn the fifth Mysterious You book, Achoo!, kids probe the secrets of illness and sniff out what germs are, why they sometimes make us sick, how our bodies battle them and how vaccines protect us against them. This unique series explores the mysteries of the human body using a mix of thoroughly researched factual information, amazing anecdotes and surprising try-it activities. _cI |
||
| 521 |
_a990
_bLexile |
||
| 521 |
_aZ
_bRaz-Plus |
||
| 650 | 0 |
_aBacteria _vJuvenile literature. |
|
| 650 | 0 |
_aViruses _vJuvenile literature. |
|
| 650 | 0 |
_aImmune system _vJuvenile literature. |
|
| 650 | 1 | _aBacteria. | |
| 650 | 1 | _aViruses. | |
| 650 | 1 | _aImmune system. | |
| 650 | 6 |
_aBactéries _vOuvrages pour la jeunesse. |
|
| 650 | 6 |
_aVirus _vOuvrages pour la jeunesse. |
|
| 650 | 6 |
_aSystème immunitaire _vOuvrages pour la jeunesse. |
|
| 650 | 7 |
_aBacteria. _2fast _0(OCoLC)fst00825152 |
|
| 650 | 7 |
_aImmune system. _2fast _0(OCoLC)fst00967877 |
|
| 650 | 7 |
_aViruses. _2fast _0(OCoLC)fst01167771 |
|
| 650 | 7 |
_aHealth. _2sears |
|
| 650 | 7 |
_aImmune system. _2sears |
|
| 650 | 7 |
_aBacteria. _2sears |
|
| 650 | 7 |
_aComprehension Strategies _xConnecting. _2sears |
|
| 650 | 7 |
_aViruses. _2sears |
|
| 655 | 4 |
_aChildren's nonfiction. _5NZ-WeK |
|
| 655 | 7 |
_aLiterature. _2fast _0(OCoLC)fst01921716 |
|
| 655 | 7 |
_aJuvenile works. _2fast _0(OCoLC)fst01411637 |
|
| 655 | 7 |
_aLiterature. _2lcgft |
|
| 700 | 1 | _aCowles, Rose | |
| 906 |
_a7 _bcbc _ccopycat _d2 _encip _f20 _gy-gencatlg |
||
| 942 |
_2ddc _cBK _n0 |
||
| 999 |
_c2605 _d2605 |
||